X-8 KİMYA BİZE NE ANLATIYOR (Record no. 587472)
[ view plain ]
| 000 -LEADER | |
|---|---|
| sabit uzunluktaki kontrol alanı | 00277nam a2200109Ia 4500 |
| 001 - KONTROL NUMARASI | |
| kontrol alanı | 587472 |
| 005 - EN SON İŞLEMİN TARİH VE ZAMANI | |
| kontrol alanı | 20250717113817.0 |
| 008 - SABİT-UZUNLUKTA VERİ ÖĞELERİ--GENEL BİLGİ | |
| sabit uzunluktaki kontrol alanı | 250717s9999 xx 000 0 und d |
| 245 #0 - ESER / YAZAR | |
| ESER ADI | X-8 KİMYA BİZE NE ANLATIYOR |
| Yazar Adı | ALEX FRITH |
| 260 ## - YAYIN, DAĞITIM, VB. | |
| YAYIN EVİ | TÜBİTAK YAYINLARI |
| Yayın, dağıtım tarihi, vb. | 2020 |
| 300 ## - FİZİKSEL AÇIKLAMA | |
| Diğer fiziksel ayrıntılar | 20 |
No items available.